Corridos bandoleros /

Guardado en:
Detalles Bibliográficos
Autor principal: Madrigal, Pancho (autor)
Formato: Libro
Idioma:Español
Publicado: Guadalajara, México : Ediciones de la Noche, 2005, c2005
Temas:
Etiquetas: Agrega una etiqueta
Sin etiquetas, Sé el primero en etiquetar este registro!

MARC

LEADER 00000nam^a2200000^a^4500
001 000289825
005 20250521000000.0
009 20260310111951.585
020 |a 968-7846-24-0 
037 |a Acervo ITESO - Biblioteca 
041 |a ESP 
082 |a 786. 1613  |b MAD 
100 |a Madrigal, Pancho  |e (autor) 
245 1 0 |a Corridos bandoleros /  |c P. Madrigal. 
264 4 |a Guadalajara, México :  |b Ediciones de la Noche,  |c 2005, c2005 
300 |a 92 p. 
336 |a texto  |b txt  |2 rdacontenido 
337 |a sin mediación  |b n  |2 rdamedio 
338 |a volumen  |b nc  |2 rdasoporte 
545 0 |a Pancho Madridal (Guadalajara, 1945-) fue uno de los creadores pioneros en la escena tapatía de lo que en algún momento se llamó canción-protesta, que durante las décadas de los 60 y 70 del siglo XX, inundó el mundo con música que denunciaba opresiones e injusticias diversas. Autor de la famosa "Jacinto Cenobio", convertida ya en un tema del folklore nacional, Madrigal es, de acuerdo con la crítica, cultivador de una lírica muy anclada en la música regional (son jalisciense, huapango, chilena, etc.). Su obra ha recibido reconocimientos diversos, entre los cuales destacan la Medalla Francisco Medina Ascencio y el Premio Clemente Aguirre de la Asociación de Compositores de Jalisco (ambas en 1997). 
649 |a XX 
650 |a Ladrones en la Música -  |x Tema Principal 
650 |a Delincuencia en la Música -  |x Tema Principal 
650 |a Cancioneros -  |z Jalisco 
650 |a Cancioneros -  |z México 
650 |a Corridos (Música) -  |z Jalisco -  |x Tema Principal 
650 |a Corridos (Música) -  |z México 
650 |a Música Popular Moderna 
650 |a Música Jalisciense -  |y Siglo XX 
650 |a Música Jalisciense -  |y Siglo XXI 
650 |a Música Mexicana -  |y Siglo XX 
650 |a Música Mexicana -  |y Siglo XXI 
910 |a Fondo General 
920 |a Impresos - Libros 
930 |a Colección General 
905 |a 101 
901 |a 0500176667  |b IT1  |c ACC  |u 20250521 
902 |a https://opac.biblio.iteso.mx/vufind/Record/000289825